=LDR 00000nam 2200000 4500 =001 INLIS000000000032252 =005 20130612134252 =008 ***********************************ind** =035 ##$$0010-061300000032252 =041 ##$$a ind =082 ##$$a 628.11 =090 ##$$a 628.11, Sen a =100 ##$$a Senjaya, Ahmad =245 ##$$a Air dan Siklusnya, Ahmad Senjaya; Editor A.Saepuloh =260 ##$$a 2008 $b Bandung =300 ##$$a iv 64 hlm. , Illus , 25 cm =650 ##$$a Air =700 ##$$a Saepuloh, A =850 ##$$a NBPNMAT =990 ##$$a 0001/BPAP-NTB/20142015 =990 ##$$a 0001/BPAP-NTB/20142015